Music Quiz

Random Music or Musical Quiz

Radiohead 'Decks Darks' Lyrics Quiz Stats

 Plays Quiz not verified by Sporcle

Challenge
Share
Tweet
Embed
Score 0/201 Timer 08:00
0 Plays Today
Answer % Correct
a
100%
a
100%
a
100%
a
100%
a
100%
a
100%
A
100%
a
100%
a
100%
a
100%
a
100%
the
98.6%
the
98.6%
the
98.6%
The
98.6%
the
98.6%
the
98.6%
the
98.6%
the
98.6%
the
98.6%
You
97.3%
you
97.3%
you
97.3%
You
97.3%
you
97.3%
in
95.9%
in
95.9%
In
95.9%
there
94.6%
it
94.6%
It
94.6%
it
94.6%
there
94.6%
And
93.2%
and
93.2%
And
93.2%
And
93.2%
And
93.2%
And
93.2%
and
93.2%
your
91.9%
comes
91.9%
sky
91.9%
your
91.9%
you've
91.9%
so
91.9%
You've
91.9%
Your
91.9%
your
91.9%
comes
91.9%
sky
91.9%
your
91.9%
you've
91.9%
your
91.9%
you've
91.9%
you've
91.9%
you've
91.9%
you've
91.9%
There's
90.5%
spacecraft
90.5%
out
90.5%
there's
90.5%
to
90.5%
to
90.5%
ever
90.5%
heard
90.5%
to
90.5%
Answer % Correct
spacecraft
90.5%
out
90.5%
there's
90.5%
to
90.5%
to
90.5%
ever
90.5%
heard
90.5%
darkness
89.2%
it's
89.2%
sound
89.2%
It's
89.2%
darkness
89.2%
it's
89.2%
sound
89.2%
life
87.8%
blocking
87.8%
loudest
87.8%
life
87.8%
blocking
87.8%
loudest
87.8%
we
86.5%
We
86.5%
we
86.5%
cover
85.1%
darkest
85.1%
was
85.1%
me
85.1%
me
85.1%
was
85.1%
cover
85.1%
darkest
85.1%
me
85.1%
me
85.1%
me
85.1%
me
85.1%
hour
83.8%
hour
83.8%
hide
82.4%
But
82.4%
But
82.4%
just
82.4%
just
82.4%
Just
82.4%
just
82.4%
just
82.4%
just
82.4%
hide
82.4%
But
82.4%
nowhere
81.1%
ears
81.1%
laugh
81.1%
laugh
81.1%
laugh
81.1%
laugh
81.1%
laugh
81.1%
laugh
81.1%
is
81.1%
nowhere
81.1%
ears
81.1%
run
79.7%
back
79.7%
run
79.7%
back
79.7%
of
78.4%
of
78.4%
of
78.4%
of
78.4%
Answer % Correct
of
78.4%
are
75.7%
had
75.7%
had
75.7%
had
75.7%
had
75.7%
helpless
73%
enough
73%
enough
73%
Sweet
73%
enough
73%
enough
73%
Sweet
73%
Sweet
73%
Sweet
73%
Sweet
73%
resist
71.6%
whatever
71.6%
say
71.6%
this
68.9%
crumble
68.9%
this
68.9%
be
68.9%
people
67.6%
our
67.6%
face
67.6%
glass
67.6%
glass
67.6%
When
67.6%
When
67.6%
When
67.6%
When
67.6%
Then
66.2%
over
66.2%
Then
66.2%
at
64.9%
kidding
64.9%
into
63.5%
rag
63.5%
doll
63.5%
Into
63.5%
gotta
63.5%
into
63.5%
Into
63.5%
grows
62.2%
Even
60.8%
grass
60.8%
head
55.4%
trapped
52.7%
sand
52.7%
all
51.4%
wet
51.4%
split
51.4%
cloth
48.6%
angle
48.6%
ton
43.2%
darling
43.2%
ten
41.9%
dread
41.9%
infinities
41.9%
times
41.9%
times
41.9%
times
41.9%
times
41.9%
made
40.5%
circumference
33.8%
Oh
28.4%

You're not logged in!

Compare scores with friends on all Sporcle quizzes.
OR
Log In

You Might Also Like...

Show Comments

Extras

Created Dec 26, 2016ReportNominate
Tags:Musical Quiz, Radiohead

Top Quizzes Today


Score Distribution

Your Account Isn't Verified!

In order to create a playlist on Sporcle, you need to verify the email address you used during registration. Go to your Sporcle Settings to finish the process.

Report this User

Report this user for behavior that violates our Community Guidelines.

Details: